Na co w co lub gdzie można wdepnąć? - Statystyki

Ogólne statystyki
  • Ten quiz został rozwiązany 23 razy
  • Średni wynik to 1 z 5
Statystyki odpowiedzi
Odpowiedź % Poprawnych
w kupę
58%
Błoto
53%
W kłopoty
11%
Na Plotki
5%
Na wódkę
5%
Nie znaleziono quizów pasujących do podanych kryteriów
Rozkład punktacji
Procent ludzi z każdym wynikiem
Percentyl według liczby udzielonych odpowiedzi
Twoja historia wyników
Nie rozwiązałeś tego quizu